Phương pháp ăn uống dưỡng sinh trị bệnh món ăn bài thuốc trị bách bệnh

Uloženo v:
Podrobná bibliografie
Hlavní autor: Tu, Tông Xương
Médium: Kniha
Jazyk:Undetermined
Vydáno: Thành phố Hồ Chí Minh Tổng hợp Thành phố Hồ Chí Minh 2004
Témata:
Tagy: Přidat tag
Žádné tagy, Buďte první, kdo otaguje tento záznam!
Thư viện lưu trữ: Trung tâm Học liệu Trường Đại học Cần Thơ
LEADER 00700nam a2200193Ia 4500
001 CTU_100498
008 210402s9999 xx 000 0 und d
020 |c 20000 
082 |a 613.28 
082 |b X561 
100 |a Tu, Tông Xương 
245 0 |a Phương pháp ăn uống dưỡng sinh trị bệnh món ăn bài thuốc trị bách bệnh 
245 0 |c Tu Tông Xương 
260 |a Thành phố Hồ Chí Minh 
260 |b Tổng hợp Thành phố Hồ Chí Minh 
260 |c 2004 
650 |a Promotion of health,Sự tiến triển của sức khoẻ 
904 |i Hiếu 
980 |a Trung tâm Học liệu Trường Đại học Cần Thơ